[Event "American Continental 18th"]
[Site "Medellin"]
[Date "2024.06.02"]
[Round "11"]
[White "Gomez Barrera, Javiera Belen"]
[Black "Fernandez Sanchez, Fernando Miguel"]
[Result "1/2-1/2"]
[WhiteElo "2209"]
[BlackElo "2402"]
[PlyCount "42"]
[EventDate "2024.05.24"]
[EventType "swiss"]
[EventRounds "11"]
[EventCountry "COL"]
[SourceTitle "CB23_2024"]
[SourceDate "2024.06.05"]
[SourceVersion "1"]
[SourceVersionDate "2024.06.05"]
[SourceQuality "1"]

1. e4 e5 2. Nf3 Nc6 3. Bc4 Bc5 4. d3 Nf6 5. 0-0 d6 6. c3 a6 7. a4 Ba7 8. Re1 0-0 9. h3 b5 10. Bb3 b4 11. a5 Rb8 12. Be3 Bxe3 13. Rxe3 Be6 14. d4 Bxb3 15. Qxb3 Rb5 16. dxe5 bxc3 17. Qxc3 Nxe5 18. Nxe5 Rxe5 19. Nd2 Rfe8 20. Qc6 Qa8 21. Rc3 Nxe4 1/2-1/2

[Event "American Continental Rapid 18th"]
[Site "Medellin"]
[Date "2024.06.01"]
[Round "2"]
[White "Ayala Delgado, Sergio Alejandro"]
[Black "Fernandez Sanchez, Fernando Miguel"]
[Result "0-1"]
[WhiteElo "2012"]
[BlackElo "2403"]
[PlyCount "132"]
[EventDate "2024.06.01"]
[EventType "swiss (rapid)"]
[EventRounds "9"]
[EventCountry "COL"]
[SourceTitle "CB23_2024"]
[SourceDate "2024.06.05"]
[SourceVersion "1"]
[SourceVersionDate "2024.06.05"]
[SourceQuality "1"]

1. e4 c5 2. c3 Nf6 3. e5 Nd5 4. Nf3 e6 5. d4 cxd4 6. cxd4 d6 7. Bc4 Nb6 8. Bd3 Nc6 9. 0-0 Be7 10. Qe2 Nb4 11. Bb5+ Bd7 12. Nc3 0-0 13. Rd1 a6 14. Bxd7 Qxd7 15. a3 N4d5 16. Bd2 Rac8 17. Rac1 Nxc3 18. Bxc3 Nd5 19. Bd2 Qa4 20. Qd3 h6 21. g4 dxe5 22. Nxe5 Bg5 23. Bxg5 hxg5 24. Nf3 f6 25. Qe4 Rc6 26. Re1 Rfc8 27. Rc5 Qb3 28. Rxc6 Rxc6 29. Qg6 Nf4 30. Qe4 Qxb2 31. h4 Nh3+ 32. Kg2 Nxf2 33. Qe2 Qxe2 34. Rxe2 Nxg4 35. hxg5 Rc2 36. Kf1 Rc3 37. Kg2 Kf7 38. gxf6 gxf6 39. a4 Rc2 40. Kf1 Rxe2 41. Kxe2 Kg6 42. Kd3 Kf5 43. Nd2 Nf2+ 44. Ke3 Nd1+ 45. Kf3 Nc3 46. a5 Nb5 47. Ke3 Nd6 48. Kf3 e5 49. dxe5 Kxe5 50. Ke3 Kd5 51. Kd3 Kc5 52. Kc3 Kb5 53. Nb3 Ka4 54. Kc2 Kb4 55. Kb2 Nc4+ 56. Kc2 Na3+ 57. Kb2 Nc4+ 58. Kc2 Nxa5 59. Nd4 Kc4 60. Ne2 Nc6 61. Ng3 f5 62. Kd2 Nd4 63. Nh5 a5 64. Nf4 a4 65. Kc1 a3 66. Kb1 Kb3 0-1

[Event "American Continental Rapid 18th"]
[Site "Medellin"]
[Date "2024.06.01"]
[Round "6"]
[White "Carrillo Parra, Miguel Alfredo"]
[Black "Fernandez Sanchez, Fernando Miguel"]
[Result "1-0"]
[WhiteElo "2251"]
[BlackElo "2403"]
[PlyCount "101"]
[EventDate "2024.06.01"]
[EventType "swiss (rapid)"]
[EventRounds "9"]
[EventCountry "COL"]
[SourceTitle "CB23_2024"]
[SourceDate "2024.06.05"]
[SourceVersion "1"]
[SourceVersionDate "2024.06.05"]
[SourceQuality "1"]

1. d4 d5 2. c4 e6 3. Nc3 Nf6 4. cxd5 exd5 5. Bg5 c6 6. e3 h6 7. Bh4 Be7 8. Bd3 0-0 9. Nge2 Nbd7 10. f3 Re8 11. 0-0 a5 12. Kh1 b5 13. Bf2 b4 14. Na4 c5 15. b3 Bb7 16. Rc1 Rc8 17. Bb5 Bc6 18. Bxc6 Rxc6 19. dxc5 Bxc5 20. e4 Qe7 21. Nd4 Bxd4 22. Rxc6 Bxf2 23. Rxf2 dxe4 24. Qd6 exf3 25. Qxe7 fxg2+ 26. Kxg2 Rxe7 27. Nc5 Ne5 28. Rc8+ Kh7 29. Re2 Nd5 30. Kf1 f6 31. Ra8 Nc3 32. Re3 Nxa2 33. Rxa5 Nc3 34. Nd3 Rd7 35. Nxe5 fxe5 36. Raxe5 Rd2 37. Rg3 g5 38. h4 Kg6 39. hxg5 hxg5 40. Rgxg5+ Kf6 41. Rgf5+ Kg6 42. Rf2 Rd1+ 43. Re1 Rd3 44. Re6+ Kg7 45. Re7+ Kg6 46. Re8 Kg7 47. Kg1 Nd5 48. Rd8 Nf4 49. Rxd3 Nxd3 50. Rf3 Nc5 51. Kf2 1-0

[Event "American Continental Rapid 18th"]
[Site "Medellin"]
[Date "2024.06.01"]
[Round "3"]
[White "Fernandez Sanchez, Fernando Miguel"]
[Black "Ospina Castro, Santiago"]
[Result "1-0"]
[WhiteElo "2403"]
[BlackElo "2019"]
[PlyCount "45"]
[EventDate "2024.06.01"]
[EventType "swiss (rapid)"]
[EventRounds "9"]
[EventCountry "COL"]
[SourceTitle "CB23_2024"]
[SourceDate "2024.06.05"]
[SourceVersion "1"]
[SourceVersionDate "2024.06.05"]
[SourceQuality "1"]

1. c4 e6 2. g3 d5 3. Bg2 Nf6 4. Nf3 dxc4 5. Qa4+ Nbd7 6. Qxc4 a6 7. Qc2 c5 8. 0-0 Ra7 9. d4 b5 10. a4 b4 11. Rd1 Bb7 12. Bg5 Be4 13. Qxe4 Nxe4 14. Bxd8 Kxd8 15. Ne5 Ndf6 16. Nc6+ Kc7 17. Nxa7 Kb6 18. Nc6 Kxc6 19. Nd2 Kd5 20. Nxe4 Nxe4 21. dxc5+ Ke5 22. Bxe4 Kxe4 23. Rd8 1-0

[Event "American Continental Rapid 18th"]
[Site "Medellin"]
[Date "2024.06.01"]
[Round "1"]
[White "Fernandez Sanchez, Fernando Miguel"]
[Black "Ruiz Jaraba, Gabriel"]
[Result "1-0"]
[WhiteElo "2403"]
[BlackElo "1862"]
[PlyCount "53"]
[EventDate "2024.06.01"]
[EventType "swiss (rapid)"]
[EventRounds "9"]
[EventCountry "COL"]
[SourceTitle "CB23_2024"]
[SourceDate "2024.06.05"]
[SourceVersion "1"]
[SourceVersionDate "2024.06.05"]
[SourceQuality "1"]

1. c4 Nf6 2. g3 g6 3. Bg2 Bg7 4. Nc3 d6 5. d4 0-0 6. Nf3 Nbd7 7. 0-0 c6 8. e4 e5 9. h3 Qc7 10. Be3 b6 11. Qc2 Bb7 12. Rfd1 Rac8 13. dxe5 dxe5 14. b4 Rfd8 15. c5 Nf8 16. a4 Ne6 17. a5 bxc5 18. a6 Rxd1+ 19. Nxd1 Bxa6 20. Rxa6 cxb4 21. Rxa7 Qb8 22. Qc4 c5 23. Rxf7 Qd6 24. Ng5 Qxd1+ 25. Bf1 Qd6 26. Nxe6 Kxf7 27. Ng5+ 1-0

[Event "American Continental 18th"]
[Site "Medellin"]
[Date "2024.05.31"]
[Round "10"]
[White "Fernandez Sanchez, Fernando Miguel"]
[Black "Jimenez Jimenez, Leandro"]
[Result "1/2-1/2"]
[WhiteElo "2402"]
[BlackElo "2189"]
[PlyCount "96"]
[EventDate "2024.05.24"]
[EventType "swiss"]
[EventRounds "11"]
[EventCountry "COL"]
[SourceTitle "CB23_2024"]
[SourceDate "2024.06.05"]
[SourceVersion "1"]
[SourceVersionDate "2024.06.05"]
[SourceQuality "1"]

1. c4 e5 2. g3 Nf6 3. Bg2 c6 4. Nf3 e4 5. Nd4 Qb6 6. Nc2 d5 7. cxd5 cxd5 8. 0-0 Nc6 9. d3 Be6 10. Nc3 Rd8 11. Bd2 exd3 12. exd3 d4 13. Ne4 Be7 14. b4 0-0 15. a4 Ne5 16. Bg5 Bg4 17. f3 Bf5 18. Bxf6 Bxf6 19. Nc5 Bc8 20. Qd2 a5 21. Ne4 axb4 22. Qxb4 Qa6 23. Rfd1 Rfe8 24. Rab1 Be7 25. Qb5 Qxb5 26. Rxb5 Bf8 27. a5 f5 28. Nf2 Nc6 29. Kf1 Na7 30. Rb2 Re5 31. Ra1 Nc6 32. f4 Rxa5 33. Rxa5 Nxa5 34. Rb5 Nc6 35. Rd5 Be7 36. Rxd8+ Bxd8 37. Bxc6 bxc6 38. Nxd4 Bd7 39. Nb3 Bb6 40. Ke2 Be6 41. Nd2 Kf7 42. Nf3 Bd5 43. Nd1 h6 44. Nc3 Bxf3+ 45. Kxf3 Bd4 46. Nb1 Ke6 47. Nd2 Kd5 48. Nc4 Kc5 1/2-1/2

[Event "American Continental 18th"]
[Site "Medellin"]
[Date "2024.05.30"]
[Round "9"]
[White "Estrada Nieto, Julian"]
[Black "Fernandez Sanchez, Fernando Miguel"]
[Result "1-0"]
[WhiteElo "2196"]
[BlackElo "2402"]
[PlyCount "43"]
[EventDate "2024.05.24"]
[EventType "swiss"]
[EventRounds "11"]
[EventCountry "COL"]
[SourceTitle "CB23_2024"]
[SourceDate "2024.06.05"]
[SourceVersion "1"]
[SourceVersionDate "2024.06.05"]
[SourceQuality "1"]

1. e4 e5 2. Nf3 Nc6 3. Bb5 a6 4. Ba4 Nf6 5. 0-0 b5 6. Bb3 Bc5 7. a4 Rb8 8. axb5 axb5 9. d3 d6 10. Be3 0-0 11. h3 Bxe3 12. fxe3 Ne7 13. Qe1 c5 14. Nbd2 Bb7 15. Qg3 c4 16. dxc4 Bxe4 17. cxb5 Rxb5 18. Nxe4 Nxe4 19. Qh4 Rxb3 20. cxb3 Nc5 21. Ng5 h6 22. Nxf7 1-0

[Event "American Continental Blitz 18th"]
[Site "Medellin"]
[Date "2024.05.29"]
[Round "7"]
[White "Fernandez Sanchez, Fernando Miguel"]
[Black "Oro, Faustino"]
[Result "0-1"]
[WhiteElo "2402"]
[BlackElo "2351"]
[PlyCount "70"]
[EventDate "2024.05.29"]
[EventType "swiss (blitz)"]
[EventRounds "9"]
[EventCountry "COL"]
[SourceTitle "CB23_2024"]
[SourceDate "2024.06.05"]
[SourceVersion "1"]
[SourceVersionDate "2024.06.05"]
[SourceQuality "1"]

1. c4 Nf6 2. Nf3 e6 3. d4 d5 4. cxd5 exd5 5. Nc3 Be7 6. Bf4 0-0 7. e3 Bf5 8. h3 c6 9. g4 Be6 10. Bd3 Na6 11. a3 c5 12. Qc2 c4 13. Be2 Nc7 14. g5 Nfe8 15. h4 b5 16. h5 a5 17. Rg1 b4 18. Na4 Nb5 19. Ne5 bxa3 20. Nc6 Bb4+ 21. Kd1 axb2 22. Qxb2 Qd7 23. Ne5 Qb7 24. Bf3 Ned6 25. Ke2 Qa6 26. Kf1 Bh3+ 27. Bg2 Bxg2+ 28. Rxg2 Ne4 29. Kg1 c3 30. Qc2 Na3 31. Rxa3 Bxa3 32. f3 Nd2 33. Qxc3 Qf1+ 34. Kh2 Bb4 35. Qc2 Nxf3+ 0-1

[Event "American Continental Blitz 18th"]
[Site "Medellin"]
[Date "2024.05.29"]
[Round "4"]
[White "Fernandez Sanchez, Fernando Miguel"]
[Black "Saltos Velez, Adrian Arturo"]
[Result "1-0"]
[WhiteElo "2402"]
[BlackElo "2035"]
[PlyCount "99"]
[EventDate "2024.05.29"]
[EventType "swiss (blitz)"]
[EventRounds "9"]
[EventCountry "COL"]
[SourceTitle "CB23_2024"]
[SourceDate "2024.06.05"]
[SourceVersion "1"]
[SourceVersionDate "2024.06.05"]
[SourceQuality "1"]

1. c4 Nf6 2. g3 e6 3. Bg2 d5 4. Nf3 Be7 5. 0-0 0-0 6. b3 d4 7. e3 c5 8. Ne5 Qc7 9. f4 Rd8 10. e4 Nbd7 11. Nd3 Rb8 12. e5 Ne8 13. g4 b5 14. Na3 bxc4 15. Nxc4 Nb6 16. Nf2 Nxc4 17. bxc4 d3 18. Be4 Rd4 19. Qf3 Bb7 20. Bxb7 Qxb7 21. Nxd3 Qxf3 22. Rxf3 Rxc4 23. Bb2 Rc2 24. Bc3 Rd8 25. Ne1 Rcxd2 26. Bxd2 Rxd2 27. Rd3 Rb2 28. Rb3 Re2 29. Rb7 Kf8 30. Rxa7 c4 31. Ra8 Bc5+ 32. Kh1 Re4 33. Ng2 g5 34. fxg5 Rxe5 35. h4 Ke7 36. Rc8 Nd6 37. Rb8 Ne4 38. Rb7+ Kd6 39. Rc1 c3 40. Nf4 Nf2+ 41. Kg2 Nxg4 42. Nd3 Re2+ 43. Kf3 Re3+ 44. Kxg4 Rxd3 45. Rxf7 Ba3 46. Rc2 Bb2 47. Rf3 Rd2 48. Rxd2+ cxd2 49. Rd3+ Ke7 50. Rxd2 1-0

[Event "American Continental Blitz 18th"]
[Site "Medellin"]
[Date "2024.05.29"]
[Round "6"]
[White "Quesada Perez, Luis Ernesto"]
[Black "Fernandez Sanchez, Fernando Miguel"]
[Result "1-0"]
[WhiteElo "2567"]
[BlackElo "2402"]
[PlyCount "56"]
[EventDate "2024.05.29"]
[EventType "swiss (blitz)"]
[EventRounds "9"]
[EventCountry "COL"]
[SourceTitle "CB23_2024"]
[SourceDate "2024.06.05"]
[SourceVersion "1"]
[SourceVersionDate "2024.06.05"]
[SourceQuality "1"]

1. b3 e5 2. Bb2 Nc6 3. e3 Nf6 4. Bb5 e4 5. Nc3 Bd6 6. f3 Qe7 7. fxe4 Nxe4 8. Nf3 Nxc3 9. Bxc3 0-0 10. 0-0 Bb4 11. Bb2 Ba3 12. Bxa3 Qxa3 13. Qe1 Qc5 14. Bd3 h6 15. a3 a5 16. Qg3 d6 17. b4 Qh5 18. b5 Ne5 19. b6 c5 20. Be4 Be6 21. Nxe5 dxe5 22. Bxb7 Rab8 23. Bf3 Qg5 24. Rab1 Qxg3 25. hxg3 f5 26. d3 Rfd8 27. Rb5 e4 28. Be2 Rd6 1-0

[Event "American Continental 18th"]
[Site "Medellin"]
[Date "2024.05.25"]
[Round "2"]
[White "Fernandez Sanchez, Fernando Miguel"]
[Black "Giasi, Viresh"]
[Result "1-0"]
[WhiteElo "2402"]
[BlackElo "2022"]
[PlyCount "83"]
[EventDate "2024.05.24"]
[EventType "swiss"]
[EventRounds "11"]
[EventCountry "COL"]
[SourceTitle "CB23_2024"]
[SourceDate "2024.06.05"]
[SourceVersion "1"]
[SourceVersionDate "2024.06.05"]
[SourceQuality "1"]

1. d4 Nf6 2. Nf3 e6 3. Bf4 b6 4. e3 Bb7 5. Bd3 Be7 6. h3 d6 7. c4 Be4 8. Nc3 Bxd3 9. Qxd3 0-0 10. 0-0 d5 11. Rac1 c5 12. dxc5 bxc5 13. Ne5 dxc4 14. Qxc4 Qc8 15. Qb5 Nfd7 16. Nc4 f6 17. Nd6 Bxd6 18. Bxd6 Rf7 19. Rfd1 Qa6 20. Qb3 c4 21. Qb5 Qxb5 22. Nxb5 Na6 23. Rxc4 Nb6 24. Rc3 Rb7 25. Rdc1 Rd8 26. Ba3 Rbd7 27. Rc6 Rb8 28. Rxe6 Nd5 29. Rxa6 Rxb5 30. g3 Nb6 31. Rc5 Rxc5 32. Bxc5 Nc4 33. Bd4 Nd2 34. Rxa7 Rd8 35. b4 Rc8 36. b5 Rc1+ 37. Kg2 Rc2 38. b6 Ne4 39. b7 Rxf2+ 40. Kg1 h5 41. b8Q+ Kh7 42. Rxg7+ 1-0